00422 a2200109 4500001001000000005001700010008004100027245015900068100002500227773004300252999001700295ART_2619420260410161936.0260409a 10aBases conceptuales de la gestión socialmente responsable la superación ética de los criterios pragmáticos y utilitarios en la función directiva1 aEtkin, Jorge Ricardo0 tSaberEsg- Nº 1 (jun. 2009)wREV26089 c29086d29086